| 000 | 00789na a2200265 4500 | ||
|---|---|---|---|
| 001 | 24616 | ||
| 003 | MIRAKIL | ||
| 005 | 20190109120945.0 | ||
| 008 | 181218b tu 000 0 | ||
| 020 | _a9757369381 | ||
| 041 | _atur | ||
| 082 |
_a956.1023 _bK26i 1995 |
||
| 090 | _a956.1023 K26i 1995 | ||
| 100 |
_aKarabekir, Kazım _d1882-1948 |
||
| 245 |
_aİstiklal harbimizin esasları _cKazım Karabekir ; yayına hazırlayan Faruk Özerengin |
||
| 260 |
_aİstanbul _bEmre yayınları _c1995 |
||
| 300 |
_a424 s. _c19 sm. |
||
| 440 |
_aEmre yayınları _v44 |
||
| 490 |
_aYakın tarih serisi _v27 |
||
| 600 |
_aKarabekir, Kazım _d1882-1948 |
||
| 650 |
_aTarih _xKurtuluş Savaşı |
||
| 651 |
_aTürkiye _xTarih |
||
| 700 |
_aÖzerengin, Faruk _eyay. haz. |
||
| 942 |
_2ddc _cBKS |
||
| 999 |
_c12556 _d12556 |
||